Random Capital to Language - Statistics

General Stats
  • This quiz has been taken 27 times
    23 since last reset
  • The average score is 10 of 10
Answer Stats
Capital Language % Correct
Georgetown English
100%
Rome Italian
100%
Beijing Mandarin
100%
Brasilía Portuguese
100%
Santo Domingo Spanish
100%
Bangkok Thai
100%
Riyadh Arabic
95%
Ankara Turkish
95%
Tehran Persian
90%
Jakarta Indonesian
86%
No matching quizzes found
Score Distribution
Percent of People with Each Score
Percentile by Number Answered
Your Score History
You have not taken this quiz since the last reset